| 000 | 00400nam a2200145Ia 4500 | ||
|---|---|---|---|
| 008 | 230917s9999||||xx |||||||||||||| ||und|| | ||
| 040 |
_e76532 _aMAIN |
||
| 041 | _aEnglish | ||
| 082 | _a658.3 L952E | ||
| 100 | _aLowe, Phil | ||
| 245 | 0 | _aEmpowering individuals: A complete package for a one-day training workshop. 2V | |
| 260 |
_aNew Delhi _bKogan Page _c1996 |
||
| 300 | _a53 p. ; 66 | ||
| 942 | _cBK | ||
| 999 |
_c89901 _d89901 |
||